000 00661cam a22002413a 4500
001 1159
003 PGUSA
005 20140828082957.0
008 980101s1998||||xxu|||||s|||||000 1 eng d
040 _aPGUSA
_beng
042 _adc
050 4 _aPR
100 1 _aRohmer, Sax,
_d1883-1959
245 1 0 _aFire-Tongue
_h[electronic resource] /
_cSax Rohmer
260 _bProject Gutenberg,
_c1998
506 _aPublic domain in the USA.
516 _aElectronic text
653 _aDetective and mystery stories
653 _aSecret societies -- Fiction
830 0 _aProject Gutenberg
_v1159
856 4 0 _uhttp://www.gutenberg.org/ebooks/1159
942 _cEB
999 _c230507
_d230507